000 01640cam a22003974a 4500
999 _c529766
_d529766
001 13166626
003 NUST
005 20191003101833.0
008 030417s2003 dcu b 000 0 eng
010 _a 2003105884
020 _a0309069629
035 _a(DLC) 2003105884
038 _aMSOHAIL
040 _aDLC
_cDLC
_dDLC
042 _apcc
043 _an-us---
050 0 0 _aHE206.3
_b.S725 2003
082 0 0 _a354.7625382130973
_222
245 0 0 _aState DOT outsourcing and private-sector utilization /
_cconsultant, Thomas R. Warne.
260 _aWashington, D.C. :
_bTransportation Research Board,
_c2003.
300 _a42 p. ;
_c28 cm.
490 1 _aNCHRP synthesis,
_x0547-5570 ;
_v313
500 _a"National Cooperative Highway Research Program."
500 _a"Research sponsored by the American Association of State Highway and Transportation Officials in cooperation with the Federal Highway Administration."
500 _a"Project 20-4 FY 2002 (Topic 34-15)"--T.p. verso.
504 _aIncludes bibliographical references (p. 28).
650 0 _aTransportation and state
_zUnited States
_xStates.
_921440
650 0 _aContracting out
_zUnited States
_xStates.
_922521
700 1 _aWarne, Thomas R.
_922522
710 2 _aNational Cooperative Highway Research Program.
_920864
710 2 _aNational Research Council (U.S.).
_bTransportation Research Board.
_922523
830 0 _aSynthesis of highway practice ;
_v313.
_922524
906 _a7
_bcbc
_corignew
_d2
_eepcn
_f20
_gy-gencatlg
942 _2ddc
_cBK